Joseph Conrad Bibliography - Statistics

General Stats
  • This quiz has been taken 38 times
  • The average score is 12 of 37
Answer Stats
Type Year Name % Correct
Novella 1899 Heart of Darkness
92%
Novella 1897 The N****r of the 'Narcissus'
92%
Novel 1900 Lord Jim
88%
Novel 1904 Nostromo: A Tale of the Seaboard
88%
Novel 1907 The Secret Agent: A Simple Tale
69%
Short Story 1910 The Secret Sharer
62%
Novel 1915 Victory
62%
Novella 1903 Typhoon
54%
Novel 1895 Almayer's Folly
50%
Novel 1911 Under Western Eyes
42%
Short Story 1902 Youth
42%
Novel 1913 Chance
38%
Collaborative Novel 1901 The Inheritors: An Extravagant Story
35%
Novel 1920 The Rescue, A Romance of the Shallows
35%
Short Story 1897 The Lagoon
31%
Novella 1917 The Shadow Line
31%
Short Story 1897 Karain: A Memory
27%
Novel 1896 An Outcast of the Islands
23%
Novel 1908 A Set of Six
23%
Novel 1919 The Arrow of Gold
23%
Short Story 1897 An Outpost of Progress
19%
Novel 1925 Suspense
19%
Short Story 1896 The Idiots
19%
Novel 1923 The Rover
19%
Autobiography 1912 A Personal Record
15%
Collaborative Novel 1903 Romance
15%
Short Story Collection 1898 Tales of Unrest
15%
Short Story 1898 The Return
15%
Essay Collection 1926 Tales of Hearsay: Last Essays
12%
Novel 1906 The Mirror of the Sea
12%
Story Collection 1915 Within the Tides
12%
Collaborative Novel 1924 The Nature of a Crime
4%
Essay Collection 1921 Notes on Life and Letters
0%
Writing Collection 1978 The Congo Diary and Other Uncollected Pieces
0%
Unfinished Novel 1928 The Sisters
0%
Story Collection 1903 Typhoon and Other Stories
0%
Story Collection 1902 Youth and Two Other Stories
0%
No matching quizzes found
Score Distribution
Percent of People with Each Score
Percentile by Number Answered
Your Score History
You have not taken this quiz